| 000 | 00649nam a22001695i 4500 | ||
|---|---|---|---|
| 001 | 54496 | ||
| 003 | ES-MaACL | ||
| 007 | t| | ||
| 008 | 960726q18771900fr ||||1| fre d | ||
| 040 |
_aCAM _bspa _cCAM |
||
| 100 | 1 |
_aFournier, Marcel. _951985 |
|
| 245 | 1 | 3 |
_aLe vocabulaire des écoles _b: étude méthodique des mots de la langue usuelle d'après l'analogie ... / _cpar M. Fournier. |
| 260 |
_aParis : _bGedalge et Cie., _c[18--?] ( _eCorbeil : _fimprimérie Ed. Crété) |
||
| 300 |
_aIV, 332 p. : _bil. ; _c19 cm. |
||
| 500 | _aFecha probable de edición entre 1877 y 1900, según la época de trabajo del editor. | ||
| 852 |
_aES-MaACL _jG-476 |
||
| 999 |
_c54496 _d54496 |
||